Povinnosť zamestnávateľa zamestnávať občanov so zdravotným postihnutím
Kto sa považuje za občana so zdravotným postihnutím. Povinnosti zamestnávateľa pri nesplnení povinnosti zamestnávania takýchto občanov, odvody za nesplnenie povinného podielu zamestnávania takýchto občanov. Výpočet celkovej ceny práce za kalendárny rok 2015.
Uložené v:
| Hlavný autor: | |
|---|---|
| Médium: | Kapitola |
| Jazyk: | Slovak |
| Predmet: | |
| Tagy: |
Žiadne tagy, Buďte prvý, kto otaguje tento záznam!
|
MARC
| LEADER | 00000naa a2200000 4500 | ||
|---|---|---|---|
| 001 | 0219980 | ||
| 005 | 20231120105029.7 | ||
| 041 | 0 | |a slo | |
| 044 | |a SK | ||
| 245 | 1 | 0 | |a Povinnosť zamestnávateľa zamestnávať občanov so zdravotným postihnutím |c Ján Mintál |
| 520 | |a Kto sa považuje za občana so zdravotným postihnutím. Povinnosti zamestnávateľa pri nesplnení povinnosti zamestnávania takýchto občanov, odvody za nesplnenie povinného podielu zamestnávania takýchto občanov. Výpočet celkovej ceny práce za kalendárny rok 2015. | ||
| 610 | 2 | 0 | |a osoby zdravotne postihnuté |
| 610 | 2 | 0 | |a invalidi |
| 610 | 2 | 0 | |a zamestnávatelia |
| 610 | 2 | 0 | |a povinnosti zamestnávateľov |
| 610 | 2 | 0 | |a priestupky |
| 100 | 1 | |a Mintál, Ján | |